Toward a clean energy future : energy policy and climate change on public lands : oversight hearing before the Subcommittee on Energy and Mineral Resources of the Committee on Natural Resources, U.S. House of Representatives, One Hundred Tenth Congress, first session, Tuesday, March 20, 2007.

Bibliographic Details
Corporate Authors: United States. Congress. House. Committee on Natural Resources. Subcommittee on Energy and Mineral Resources, ProQuest (Firm)
Format: eBook
Language:English
Published: Washington : U.S. G.P.O. : 2007.
Series:U.S. Congressional Hearings.
Subjects:
Online Access:Connect to the full text of this electronic book

MARC

Tag First Indicator Second Indicator Subfields
LEADER 00000cam a22000001a 4500
001 in00003287413
006 m d f
007 cr bn mmmapmmp
008 110909s2007 dcua ob f000 0 eng d
005 20260504160244.9
035 |a chdc200700634 
040 |a ProQuest  |c ProQuest  |d UtOrBLW 
043 |a n-us--- 
074 |a 1023-A 
074 |a 1023-A (online) 
074 |a 1023-B (MF) 
074 |a 1023-B (online) 
088 |a Serial no. 110-13 (United States. Congress. House. Committee on Natural Resources) 
099 |a HRG-2007-HNR-0010 
110 1 |a United States.  |b Congress.  |b House.  |b Committee on Natural Resources.  |b Subcommittee on Energy and Mineral Resources. 
245 1 0 |a Toward a clean energy future :  |b energy policy and climate change on public lands : oversight hearing before the Subcommittee on Energy and Mineral Resources of the Committee on Natural Resources, U.S. House of Representatives, One Hundred Tenth Congress, first session, Tuesday, March 20, 2007. 
264 1 |a Washington :  |b U.S. G.P.O. :  |c 2007. 
264 2 |a Washington :  |b For sale by the Supt. of Docs., U.S. G.P.O., 
300 |a 1 online resource. 
336 |a text  |b txt  |2 rdacontent 
337 |a computer  |b c  |2 rdamedia 
338 |a online resource  |b cr  |2 rdacarrier 
500 |a Distributed to some depository libraries in microfiche. 
500 |a Shipping list number: 2007-0400-P. 
530 |a Also available via Internet from the GPO Access web site. Address as of 9/12/07: http://frwebgate.access.gpo.gov/cgi-bin/getdoc.cgi?dbname=110%5Fhouse%5Fhearings&docid=f:34820.pdf; current access available via PURL. 
504 |a Includes bibliographical references. 
500 |a "Serial number 110-13." 
500 |a Reuse of record except for individual research requires license from ProQuest, LLC. 
500 |a Electronic resource. 
538 |a System requirements: PDF reader software. 
650 0 |a Climatic changes  |z United States. 
650 0 |a Energy policy  |z United States. 
650 0 |a Public lands  |z United States. 
650 0 |a Energy industries  |x Environmental aspects  |z United States. 
650 0 |a Greenhouse gas mitigation  |x Government policy  |z United States. 
655 7 |a Electronic books.  |2 local 
710 2 |a ProQuest (Firm) 
776 0 8 |i Print version:   |a United States.Congress.House.Committee on Natural Resources.Subcommittee on Energy and Mineral Resources.  |t Toward a clean energy future  |w (DLC)2007467268  |w (OCoLC)170966205  |z 9780160791895  |z 0160791898 
776 0 8 |i Microfiche version:   |a United States.Congress.House.Committee on Natural Resources.Subcommittee on Energy and Mineral Resources.  |t Toward a clean energy future  |d [Bethesda, Md.] : ProQuest LLC, [2004]  |o CIS 2007 H581-13  |w (ProQuest)cis00700933 
830 0 |a U.S. Congressional Hearings. 
856 4 0 |u http://proxy.library.tamu.edu/login?url=https://congressional.proquest.com/congcomp/getdoc?HEARING-ID=HRG-2007-HNR-0010  |z Connect to the full text of this electronic book  |t 0 
998 |a cis00700933 
999 |a MARS 
999 f f |s 3252658d-36d1-36eb-9f10-f4f09e61b051  |i 1d0a9262-0455-30f9-ae6a-e30cc39a6d61  |t 0 
952 f f |a Texas A&M University  |b College Station  |c Electronic Resources  |s www_evans  |d Available Online  |t 0  |e HRG-2007-HNR-0010  |h Other scheme 
998 f f |a HRG-2007-HNR-0010  |t 0  |l Available Online